Bioética Fundamental. (Registro nro. 995)
[ vista simple ]
| 000 -LEADER | |
|---|---|
| fixed length control field | 00677nam a2200205 a 4500 |
| 008 - CAMPO DE CONTROL (LIBRO) | |
| fixed length control field | 110916s1990 ag # f |||| 001 0 spa d |
| 020 ## - INTERNATIONAL STANDARD BOOK NUMBER | |
| ISBN | S/N |
| 041 ## - CODIGO DE IDIOMA | |
| Código de idioma del texto/pista de sonido o título separado | spa |
| 092 ## - SIGNATURA TOPOGRAFICA DEWEY LOCAL | |
| número de clasificación | 174 |
| libristica | 51 |
| sección | MAI |
| 100 1# - ENTRADA PRINCIPAL--NOMBRE PERSONAL | |
| Nombre personal | Mainetti, José A. |
| 9 (RLIN) | 1526 |
| 245 ## - TITULO PROPIAMENTE DICHO | |
| Título | Bioética Fundamental. |
| Subtítulo y Título paralelo | La crísis Bio-ética / |
| Mención de responsabilidad y remanente de la transcripción de la portada | José A. Mainetti |
| 250 ## - MENCION DE EDICION | |
| Mención de edición | 1a ed. |
| 260 ## - PIE DE IMPRENTA | |
| Lugar de publicación, distribución, etc | La Plata [Buenos Aires ; Argentina]: |
| Nombre de la editorial, distribuidor, etc | Quirón; |
| Fecha de publicación | 1990. |
| 300 ## - DESCRIPCION FISICA | |
| Extension | 83 p. |
| 500 ## - NOTA GENERAL | |
| Nota general | Mainetti, J. A. (1990). Bioética fundamental. La crisis bio-ética. (1a ed.). Buenos Aires : Quirón. |
| 653 ## - TÉRMINO INDIZADO - PALABRAS CLAVES | |
| Palabra clave | Catástrofe ecológica |
| 653 ## - TÉRMINO INDIZADO - PALABRAS CLAVES | |
| Palabra clave | Revolución biológica |
| 653 ## - TÉRMINO INDIZADO - PALABRAS CLAVES | |
| Palabra clave | Medicalización de la vida |
| 942 ## - ADDED ENTRY ELEMENTS (KOHA) | |
| Source of classification or shelving scheme | Dewey Decimal Classification |
| Item type | Libros |
| Estado de retiro | Existencia | Fuente de clasificación | Estado general | No para prestamo | Ubicación permanente | ubicación actual | Sala de ubicación | Fecha de adquisición | Total Checkouts | Número de clasificación | Código de barras | Date last seen | Número de ejemplar | Price effective from | Koha tipo de elemento (item) |
|---|---|---|---|---|---|---|---|---|---|---|---|---|---|---|---|
| Dewey Decimal Classification | Biblioteca Medicina | Biblioteca Medicina | Circulación | 16/09/2011 | 174 51 MAI | 2456 | 06/11/2014 | ej.1 | 16/09/2011 | Libros |